Statistics for European Geography by Letter - V

Click here to take the quiz!

General Stats

  • This quiz has been taken 48 times
  • The average score is 15 of 20

Answer Stats

HintAnswer% Correct
Smallest country in the world by both area and populationVatican City
100%
Italian city famous for its canals and bridgesVenice
100%
Capital of AustriaVienna
100%
Palace near Paris created for King Louis XIVVersailles
98%
Longest river in EuropeVolga
98%
Third-largest city in Spain, and the autonomous community its located in, west of CataloniaValencia
96%
Capital of MaltaValletta
94%
Italian city which was the setting of Romeo and JulietVerona
94%
Medieval Norse seafarers who raided, traded, and explored throughout Europe and into North AmericaVikings
94%
Capital of LithuaniaVilnius
94%
Capital of LiechtensteinVaduz
91%
Russian city known as Stalingrad between 1925 and 1961Volgograd
89%
British monarch who reigned from 1837-1901, during a period of great change and expansion of the British EmpireVictoria
83%
French city that was the site of the longest battle of the First World WarVerdun
55%
City that was one of the capitals of Medieval Russia and is also a common Russian nameVladimir
53%
Germanic people group who sacked Rome in 410 and ruled southern France and Iberia from 418-720Visigoths
51%
City of 1 million in southwestern RussiaVoronezh
40%
Chief who united the Gauls against the Romans but was ultimately defeated by Julius CaesarVercingetorix
19%
Island with the only airport in the Faroe IslandsVágar
6%
Historical term for speakers of Eastern Romance languages in the BalkansVlachs
6%

Score Distribution

Percentile by Number Answered

Percent of People with Each Score

Your Score History

You have not taken this quiz